ORIGENES DEL AUTORITARISMO EN AMERICA LATINA/

INCLUYE BIBLIOGRAFIA

Salvato in:
Dettagli Bibliografici
Autore principale: Allub, Leopoldo (autor)
Natura: Libro
Serie:ANTOLOGIA DE AMERICA LATINA; 2
Soggetti:
Tags: Aggiungi Tag
Nessun Tag, puoi essere il primo ad aggiungerne!!

MARC

LEADER 00000nam^a2200000^a^4500
001 000224131
005 20250521000000.0
009 20260310104041.025
020 |a 968-43-0038-7 
035 |a 042992 
037 |a Acervo Xavier Clavigero 
082 |a 321. 98  |b ALL 
100 |a Allub, Leopoldo  |e (autor) 
245 1 0 |a ORIGENES DEL AUTORITARISMO EN AMERICA LATINA/  |c LEOPOLDO ALLUB 
264 |a México :  |b Katún,  |c 1983 
300 |a 268p. 
336 |a texto  |b txt  |2 rdacontenido 
337 |a sin mediación  |b n  |2 rdamedio 
338 |a volumen  |b nc  |2 rdasoporte 
440 |a ANTOLOGIA DE AMERICA LATINA;  |v 2 
520 |a INCLUYE BIBLIOGRAFIA 
649 |a XX 
650 |a Autoritarismo -  |z Latinoamérica 
650 |a Autoritarismo -  |z México 
650 |a Autoritarismo -  |z Brasil 
910 |a Fondo General 
920 |a Impresos - Libros 
930 |a Colección General 
905 |a 101 
901 |a 042992  |b IT1  |c ACC  |i 042992  |u 20250521 
902 |a https://opac.biblio.iteso.mx/vufind/Record/000224131